| 000 | 00713nam a2200217 a 4500 | ||
|---|---|---|---|
| 005 | 20230316063553.0 | ||
| 008 | 031023m19912000mx r 000 0 spa d | ||
| 020 | _a9681636538 | ||
| 035 | _aUPN01000130347 | ||
| 049 | _aI | ||
| 050 | 4 |
_aPZ76.3 _bB7.9 |
|
| 100 | 1 |
_aBrowne, Anthony Edward Tudor, _d1946- _935823 |
|
| 245 | 1 | 0 |
_aWilly el tímido / _cAnthony Browne ; tr. Carmen Esteva. |
| 260 |
_aMéxico : _bFCE, _c1991 (2000 impr.). |
||
| 300 |
_a[30] p. : _bprincipalmente il. col. |
||
| 440 | 4 | _aLos especiales de A la orilla del viento | |
| 534 |
_pTraducción de: _tWilly the wimp |
||
| 650 | 4 |
_aGORILAS - _vCUENTOS Y LEYENDAS _916755 |
|
| 650 | 4 |
_aCuentos infantiles ingleses _910002 |
|
| 905 | _aInfantil | ||
| 999 |
_c102504 _d102504 |
||